Manual práctico del apicultor
Uloženo v:
| Hlavní autor: | |
|---|---|
| Médium: | Kniha |
| Jazyk: | španělština |
| Vydáno: |
Madrid
Cultural
2006
|
| Témata: | |
| Tagy: |
Přidat tag
Žádné tagy, Buďte první, kdo vytvoří štítek k tomuto záznamu!
|
MARC
| LEADER | 00000nam a22000005a 4500 | ||
|---|---|---|---|
| 003 | CL-ChBUA | ||
| 005 | 20120815091508.0 | ||
| 008 | 080701s2006 sp ||||| |||| 000 ||spa | ||
| 020 | |a 8480559152 | ||
| 040 | |a CL-ChBUA |c CL-ChBUA | ||
| 082 | 0 | 0 | |a 638.1 |
| 090 | |c 23282 |d 23282 | ||
| 100 | 1 | |a Polaino, Carlos | |
| 245 | 1 | 0 | |a Manual práctico del apicultor |
| 260 | |a Madrid |b Cultural |c 2006 | ||
| 300 | |a 509 p. |c 26 cm. | ||
| 504 | |a Indice, glosario, cuads., il. | ||
| 650 | 4 | |a APICULTURA | |
| 942 | |c LIB | ||
| 952 | |0 0 |1 0 |4 0 |7 0 |9 56616 |a UNACH |b UNACH |c 600 |d 2008-07-01 |i 42.920 |l 18 |m 5 |o 638.1 / M 294 |p 57702 |r 2025-04-11 00:00:00 |s 2017-11-20 |u 56616 |w 2012-08-08 |y LIB |k 638.1 / M 294 | ||
| 999 | |c 23282 |d 23282 | ||